| 000 | 00632nam a2200229Ia 4500 | ||
|---|---|---|---|
| 003 | OSt | ||
| 005 | 20220925200235.0 | ||
| 006 | a|||||r|||| 00| 0 | ||
| 007 | ta | ||
| 008 | 220923b |||||||| |||| 00| 0 eng d | ||
| 037 | _cGeneral Book | ||
| 040 |
_aRTL _cRTL _beng |
||
| 041 |
_2eng _aeng |
||
| 082 | _aX9(JB).2.N8, M8 | ||
| 100 |
_aNegi S S _9105337 |
||
| 245 | 0 | _aElements of general silviculture | |
| 260 |
_aDehra _bDun International Book Distributors _c1988 |
||
| 300 |
_a316p _ccm. |
||
| 650 | _aForestry Industry | ||
| 942 |
_hX9(JB).2.N8, M8 _cGB _2CC |
||
| 999 |
_c535855 _d535855 |
||